000 00670nmm a2200277 a 4500
003 AR-BaBNM
005 20251128204359.0
008 215019s1993 ||||||||||||||000 | spa||
020 _a950-07-0109-X
040 _cAR-BaBNM
100 1 _aWalsh, María Elena
245 1 0 _aDailan Kifki
250 _a23ª ed.
260 _aBuenos Aires
_bSudamericana
_c1993
300 0 _a176 p.
_bil
650 4 _aLITERATURA INFANTIL
650 4 _aCUENTOS DE AVENTURAS
650 4 _aCUENTOS DE ANIMALES
650 4 _aLIBROS PARA NINOS
650 4 _aHUMOR
651 4 _aArgentina
655 _aLITERATURA
700 0 _aVilar
_eilustrador
942 _cBK
998 _cisola
999 _c7229
_d7229